000 00574nmm a2200145Ia 4500
008 251105s9999||||xx |||||||||||||||||und||
041 _aspa
100 _aVaras del Peso, David
245 0 _aEnseñanzas iniciales: Nivel II. Ámbito de Comunicación y Competencia Matemática. Matemáticas 2. Gestiono la economía familiar. Mejoras en el ahorro
264 _a[Madrid, España] :
_bMinisterio de Educación, Cultura y Deporte de España,
_c2017
300 _a84 páginas
650 _aEducation
856 _uhttps://public.digitaliapublishing.com/a/60347
942 _cCF
999 _c106376
_d106376